Statistics for World City Skylines

Click here to take the quiz!

General Stats

  • This quiz has been taken 60 times
  • The average score is 14 of 20

Answer Stats

Answer% Correct
Sydney
98%
Tokyo
98%
New York
96%
Las Vegas
94%
Toronto
94%
Dubai
92%
Singapore
92%
Shanghai
90%
Hong Kong
86%
Taipei
86%
Kuala Lumpur
82%
Seoul
75%
Sao Paulo
61%
Abu Dhabi
55%
Jakarta
53%
Doha
51%
Guangzhou
49%
Chongqing
35%
Kuwait City
24%
Panama City
24%

Score Distribution

Percentile by Number Answered

Percent of People with Each Score

Your Score History

You have not taken this quiz